| 000 | 00416cam a2200181ua 4500 | ||
|---|---|---|---|
| 020 | _c5.50 | ||
| 041 |
_ahin _h |
||
| 082 |
_a891.54 _bGUL/PR |
||
| 100 | _aGulabray, . | ||
| 245 |
_aPrabandh prabhakar / _cGulabray. _hTextual Documents |
||
| 250 |
_a12 / _b. |
||
| 260 |
_aIlahabad : _bHindi Bhavan , _c1965. |
||
| 300 | _a447 ; . | ||
| 365 | _a5.50 | ||
| 504 | _a | ||
| 942 | _cBK | ||
| 999 |
_c8238 _d8238 |
||